| 000 | 01157nam a22003497a 4500 | ||
|---|---|---|---|
| 003 | CHAP | ||
| 005 | 20220817044403.0 | ||
| 008 | 101027s2008 it rn 00010 eng d | ||
| 010 | _a99596 | ||
| 011 | _a100568 | ||
| 020 | _a9789251059029 | ||
| 035 | _a111254 | ||
| 040 | _cCHAP | ||
| 082 | 0 | 4 |
_a641.3 _bF21f |
| 110 | 2 | _aFAO | |
| 245 | 1 | 0 |
_aImpact des aliments pour animaux sur la securite sanitaire des aliments : _brapport de la réunion d'experts FAO/OMS, siège de la FAO à Rome, 8-12 octobre 2007 _c/por FAO |
| 260 |
_aRoma : _bFAO, _c2008 |
||
| 300 | _axvii, 57 p. | ||
| 590 |
_aBATCH-UPD _b10 _c20130110 _lUCH01 _h0844 |
||
| 590 |
_aBATCH-UPD _b10 _c20130410 _lUCH01 _h0518 |
||
| 590 |
_aBATCH-UPD _b10 _c20130914 _lUCH01 _h0220 |
||
| 590 |
_aCONVERSION _b10 _c20130109 _lUCH01 _h1355 |
||
| 650 | 1 | 4 |
_aAlimentos y alimentacion del ganado. _94326 |
| 650 | 1 | 4 |
_aAlimentos _xContaminación. _94205 |
| 650 | 1 | 4 |
_aInocuidad alimentaria. _958836 |
| 650 | 1 | 4 |
_aPiensos. _988012 |
| 650 | 1 | 4 |
_aRiesgos. _997403 |
| 650 | 1 | 4 |
_aSalud animal _9101809 |
| 901 | _aBK | ||
| 942 | _cLIBRO | ||
| 949 |
_a641.3 F21f _bBC _cFAO _d33724002097090 _eFAO1 _h113652 _i111254 _sb |
||
| 999 |
_c99596 _d99596 |
||